Historia de la lengua española / (Record no. 89352)

MARC details
000 -LEADER
campo de control de longitud fija 00839nam a2200241 i 4500
001 - NÚMERO DE CONTROL
campo de control 89352
003 - IDENTIFICADOR DE NÚMERO DE CONTROL
campo de control ES-MaACL
005 - FECHA Y HORA DE LA ÚLTIMA TRANSACCIÓN
campo de control 20240424063047.0
007 - CAMPO FIJO DE DESCRIPCIÓN FÍSICA--INFORMACIÓN GENERAL
campo de control de longitud fija t|
008 - DATOS DE LONGITUD FIJA--INFORMACIÓN GENERAL
campo de control de longitud fija 050110s1986 sp ||||1| spa d
020 ## - NÚMERO INTERNACIONAL ESTÁNDAR DEL LIBRO
Número Internacional Estándar del Libro 84-249-0072-3
100 0# - ENTRADA PRINCIPAL--NOMBRE DE PERSONA
Nombre de persona Lapesa, Rafael,
Fechas asociadas al nombre 1908-2001
9 (RLIN) 70146
245 10 - MENCIÓN DEL TÍTULO
Título Historia de la lengua española /
Mención de responsabilidad, etc. Rafael Lapesa ; prólogo de Ramón Menéndez Pidal.
250 ## - MENCION DE EDICION
Mención de edición 9ª ed., corr. y aum., 5ª reimp.
260 ## - PUBLICACIÓN, DISTRIBUCIÓN, ETC.
Lugar de publicación, distribución, etc. Madrid :
Nombre del editor, distribuidor, etc. Gredos,
Fecha de publicación, distribución, etc. 1986.
300 ## - DESCRIPCIÓN FÍSICA
Extensión 690 p. :
Otras características físicas mapas pleg. ;
Dimensiones 20 cm.
490 1# - MENCIÓN DE SERIE
Mención de serie Biblioteca románica hispánica. III. Manuales ;
Designación de volumen o secuencia 45
500 ## - NOTA GENERAL
Nota general Indices.
700 1# - ENTRADA AGREGADA--NOMBRE PERSONAL
Nombre de persona Menéndez Pidal, Ramón,
Fechas asociadas al nombre 1869-1968
9 (RLIN) 80315
830 0# - PUNTO DE ACCESO ADICIONAL DE SERIE-TÍTULO UNIFORME
Título uniforme Biblioteca románica hispánica. III. Manuales ;
Designación de volumen o secuencia 45
9 (RLIN) 177701
852 ## - LOCALIZACIÓN
Ubicación ES-MaACL
Número de control de estantería L-10889
Sublocalización o colección R.112605
Holdings
Estatus retirado Estado de pérdida Estado de daño No para préstamo Biblioteca de origen Biblioteca actual Ubicación en estantería Fecha de adquisición Fuente de adquisición Total de préstamos Signatura topográfica completa Código de barras Visto por última vez Precio de reemplazo Tipo de ítem Koha
        Biblioteca del Ateneo de Madrid Biblioteca del Ateneo de Madrid Depósito 2 17/01/2008     L-10889 1093320 23/02/2023 23/02/2023 Libro impreso